|
|
|
|
| LEADER |
00000nab a2200000 a 4500 |
| 001 |
vtls010568100 |
| 003 |
SK-MaSNL |
| 005 |
20260303182814.0 |
| 008 |
140110 2013 xo 100 b slo |
| 015 |
|
|
|a SNBRA 2012/09
|2 svkbbbg
|
| 038 |
|
|
|a SVKBBBG
|
| 040 |
|
|
|a SVKBBBG
|b slo
|c SVKBBBG
|e AACR2
|
| 041 |
0 |
|
|a slo
|
| 044 |
|
|
|a xo
|c SK
|
| 072 |
|
7 |
|a 026/027
|x Knižnice
|2 konspekt
|
| 072 |
|
7 |
|a 339
|x Obchod
|2 konspekt
|
| 072 |
|
7 |
|a 005
|x Manažment. Riadenie
|2 konspekt
|
| 080 |
|
|
|a 026/027
|2 2001
|
| 080 |
|
|
|a 339.137
|2 2001
|
| 080 |
|
|
|a 005.332.4
|2 2001
|
| 080 |
|
|
|a 005.336
|2 2001
|
| 100 |
1 |
|
|a Vaňová, Anna,
|d 1965-
|4 aut
|9 230727
|
| 245 |
1 |
0 |
|a Konkurencia, konkurenčná výhoda a konkurencieschopnosť knižníc
|c Anna Vaňová
|
| 246 |
3 |
1 |
|a Competition, competitiveness and competitive advantage of the libraries
|
| 300 |
|
|
|b Fotogr., obr.
|
| 500 |
|
|
|a Príspevok z 13. ročníka odborného seminára pre pracovníkov knižníc, 24. apríla 2013
|
| 504 |
|
|
|a Bibliogr. odkazy a zoznam použitej literatúry
|
| 650 |
0 |
7 |
|a knižnice
|2 SNKPH
|9 17965
|
| 650 |
0 |
7 |
|a konkurencia
|2 SNKPH
|9 2281
|
| 650 |
0 |
7 |
|a konkurencieschopnosť
|2 SNKPH
|9 15191
|
| 650 |
0 |
7 |
|a konkurenčná výhoda
|2 SNKPH
|9 91263
|
| 773 |
0 |
|
|t Konkurencieschopnosť knižníc v omnimediálnom veku : zborník príspevkov z 13. ročníka odborného seminára pre pracovníkov knižníc ...
|d Banská Bystrica : Štátna vedecká knižnica, 2013
|g S. 9-18
|z 9788089388493
|
| 852 |
|
|
|a SVKBB
|b KIS3GCP
|
| 958 |
|
|
|a NB
|
| 999 |
|
|
|c 2118221
|d 2120151
|